Polynesian National Flags Quiz - Statistics

General Stats
  • This quiz has been taken 184 times
  • The average score is 5 of 6
Answer Stats
Picture Answer % Correct
New Zealand
96%
Tonga
93%
Samoa
92%
Tuvalu
78%
Solomon Islands
75%
Vanuatu
73%
No matching quizzes found
Score Distribution
Percent of People with Each Score
Percentile by Number Answered
Your Score History
You have not taken this quiz